LEADER 01103nas a2200253 i 4500 001 000000240985 003 CaOOAMICUS 005 20150420000000.0 008 150420b2001 gw uu u0 0ger r 013 $a219890 040 $aSeMil$bita 245 10$aBeiheft zu den Katechetischen Blättern [2001] :$bBausteine für den Religionsunterricht. 260 $aMünchen :$bKösel,$c2001. 300 $a1 v. (varie paginazioni) ;$c21 cm. 710 0 $aDeutscher Katecheten-Verein e. V.$0(OLS)http://semarc/name/14633 774 0 $tGanzheitliche Zugäange zur Bibel. - 16 p..$w()287017 774 0 $tPfingsten. - 16 p..$w()287018 774 0 $tDalily Soaps. - 16 p. - Titolo principale dalla copertina.$w()287019 774 0 $tEngel.$w()287020 850 $aSeMil 852 $aSeMil$W1$xVenegono$y1$m25 6 126/S1$j191331$B191331$CSeMilBibl$Z2$F202145 $85 961 $aOmaggio: Lorenzi don Ugo 996 $6245$aBeiheft zu den Katechetischen Blättern [2001] :$bBausteine für den Religionsunterricht$9(OLS)http://semarc/title/342619 996 $6260$aMünchen :$bKösel$9(OLS)http://semarc/publisher/34068 LEADER 00789naa a2200157 i 4500 001 000000298582 003 CaOOAMICUS 005 20180831172627.0 008 180831n xx u000 u und u 013 $a6194 040 $aSeMil$bita 100 1 $aVignolo, Roberto ,$d<1946- >.$0(OLS)http://semarc/name/6301 245 10$aMetodi, ermeneutica, statuto del testo biblico :$briflessioni a partire da "L'interpretazione della Bibbia nella Chiesa (1993)". 650 4$aBibbia - Interpretazione.$0(OLS)http://semarc/subject/1295 773 0 $tRivelazione attestata.$dMilano : Glossa, 1998.$kQuodlibet $z88-7105-083-5$w()68068 996 $6245$aMetodi, ermeneutica, statuto del testo biblico :$briflessioni a partire da "L'interpretazione della Bibbia nella Chiesa (1993)"$9(OLS)http://semarc/title/374604